Anglia czy Walia? - Statystyki

Ogólne statystyki
  • Ten quiz został rozwiązany 4 148 razy
    4 145 od ostatniego zresetowania
  • Średni wynik to 11 z 14
Statystyki odpowiedzi
Zagadnienie Odpowiedź % Poprawnych
Jest jednym z czterech krajów wchodzących w skład Wielkiej Brytanii Oba
97%
Ma „megamiasto”, definiowane jako obszar miejski o populacji powyżej 10 milionów Anglia
96%
Ma więcej owiec niż ludzi Walia
95%
Posiada większą powierzchnię Anglia
94%
Liczy około 56 milionów mieszkańców Anglia
89%
Którego stolica ma 7 liter Walia
86%
Ma krzyż na swojej fladze Anglia
80%
Ma 2 języki urzędowe Walia
80%
Graniczy ze Szkocją Anglia
70%
Gdzie znajduje się St. David’s, najmniejsze miasto w Wielkiej Brytanii Walia
66%
Zawiera wyspę Anglesey Walia
62%
Jest uważany za jeden z sześciu „narodów celtyckich” Walia
51%
Ma najwyższy szczyt z dwóch Walia
50%
Rozciąga się dalej na zachód Anglia
37%
Nie znaleziono quizów pasujących do podanych kryteriów
Rozkład punktacji
Procent ludzi z każdym wynikiem
Percentyl według liczby udzielonych odpowiedzi
Twoja historia wyników
Nie rozwiązałeś tego quizu od ostatniego zresetowania